LEADER 01794cam0-22006011i-450- 001 990001358160403321 005 20160912114416.0 010 $a88-207-1633-X$bvol. 2 035 $a000135816 035 $aFED01000135816 035 $a(Aleph)000135816FED01 035 $a000135816 100 $a20001205d1995----km-y0itay50------ba 101 0 $aita 102 $aIT 105 $aa---a---001yy 200 1 $aFisica$ecorso di fisica per le facoltą scientifiche corredato di esempi ed esercizi$fCorrado Mencuccini, Vittorio Silvestrini 205 $a2. ed. 210 $aNapoli$cLiguori$d1995 215 $av.$cill.$d27 cm 225 1 $aArgomenti di fisica 327 0 $a2.: Elettromagnetismo, ottica 610 0 $aFisica$aOpere generali 610 0 $aFisica 610 0 $aOttica 610 0 $aElettromagnetismo 676 $a530 676 $a537 700 1$aMencuccini,$bCorrado$0332090 701 1$aSilvestrini,$bVittorio$f<1935- >$0359 801 0$aIT$bUNINA$gRICA$2UNIMARC 901 $aBK 912 $a990001358160403321 952 $a20A-003 AFV$bF.V.13$fFI1 952 $aS.20A-177.001$b24652$fFI1 952 $a60 530 B 118$b6657$fFAGBC 952 $aD-74-MES-04-(2$b14826$fMA1 952 $aBF-73-0031(2$b14827$fMA1 952 $aBF-73-0030(2$b15407$fMA1 952 $aBF-73-0032(2$b15918$fMA1 952 $aBF-73-0033(2$b15917$fMA1 952 $aD-74-MES-03-(2$b15406$fMA1 952 $aEDISU-530-2-2A-(2ED)$b19602$fSC1 952 $aEDISU-530-2-2-(2ED)$b19601$fSC1 952 $aEDISU-530-2-2B-(2ED)$b19603$fSC1 952 $aEDISU-530-2-2D-(2ED)$b19605$fSC1 952 $aEDISU-530-2-2C-(2ED)$b19604$fSC1 959 $aMA1 959 $aSC1 959 $aFAGBC 962 $a74-01 996 $aFisica$9349408 997 $aUNINA LEADER 03683nam 2200445 450 001 9910483115403321 005 20210219135735.0 010 $a3-030-53751-X 024 7 $a10.1007/978-3-030-53751-7 035 $a(CKB)4100000011457846 035 $a(DE-He213)978-3-030-53751-7 035 $a(MiAaPQ)EBC6355614 035 $a(PPN)250223384 035 $a(EXLCZ)994100000011457846 100 $a20210219d2021 uy 0 101 0 $aeng 135 $aurnn|008mamaa 181 $ctxt$2rdacontent 182 $cc$2rdamedia 183 $acr$2rdacarrier 200 00$aMultidisciplinary management of gastroesophageal reflux disease /$fSebastian F. Schoppmann, Martin Riegler, editors 205 $a1st ed. 2021. 210 1$aCham, Switzerland :$cSpringer,$d[2021] 210 4$d©2021 215 $a1 online resource (XIV, 217 p. 85 illus., 66 illus. in color.) 311 $a3-030-53750-1 327 $aPathophysiology of Lower Esophageal Sphincter Damage: A new method of diagnosis of Gastroesophageal Reflux Disease -- Esophageal function testing for Gastroesophageal Reflux Disease -- Endoscopy and endoscopic ablative therapies in GERD and Barrett's esophagus -- GERD and Barrett?s Esophagus: Ablative and non-ablative therapies -- Radiology of benign gastroesophageal reflux disease (GERD) -- Extraesophageal GERD and management -- Anti-Reflux Surgery I: Fundoplications -- Anti Reflux Surgery II: magnetic sphincter augmentation ? LINX -- Anti-Reflux Surgery III: Endoscopic fundoplications -- Redo fundoplication -- Diagnosis of Barrett carcinoma ? Role of diagnostic imaging -- Surgical Treatment of esophageal adenocarcinoma -- Palliation of esophageal adenocarcinoma -- Multi-disciplinary management: alternative perspectives for the management of gastroesophageal reflux disease (GERD) and Barrett?s esophagus (BE) -- GERD Outlook: A gastroenterologist?s perspective -- Outlook for the management of gastroesophageal reflux disease (GERD): no esophagus stands alone. 330 $aThis book presents a new, multi- and interdisciplinary approach to gastroesophageal reflux disease (GERD) and Barrett?s esophagus that reflects the latest advances in understanding of the disease. The role of each of the available diagnostic techniques, including endoscopy, histopathology, esophageal manometry, reflux monitoring, and EndoFLIP assessment, is carefully explained. The use of endoscopy for the purposes of mucosal ablation (radiofrequency ablation, cryoablation) and mucosal resection is described, and all aspects of anti-reflux surgery are covered, with detailed explanation of indications and techniques for standard fundoplication, endoscopic fundoplication, and surgical procedures using the LINX system and the EndoStim device. To assist the reader further, a novel interdisciplinary algorithm is presented for GERD diagnosis and treatment. In addition, the latest diagnostic and therapeutic approaches (including endoscopic and surgical resection and chemoradiation) are also presented for esophageal cancer and cancer palliation. A key feature of the book is its recognition of the contribution of different specialties in the management of GERD, and it will accordingly appeal to a wide range of practitioners. 606 $aGastroesophageal reflux$xDiagnosis 615 0$aGastroesophageal reflux$xDiagnosis. 676 $a616.33075 702 $aSchoppmann$b Sebastian F. 702 $aRiegler$b Martin 801 0$bMiAaPQ 801 1$bMiAaPQ 801 2$bMiAaPQ 906 $aBOOK 912 $a9910483115403321 996 $aMultidisciplinary Management of Gastroesophageal Reflux Disease$92779816 997 $aUNINA LEADER 03435nam 2200601 450 001 9910798696703321 005 20170920004825.0 010 $a1-4422-7112-4 035 $a(CKB)3710000000830644 035 $a(EBL)4626030 035 $a(OCoLC)956648581 035 $a(MiAaPQ)EBC4626030 035 $a(PPN)195736222 035 $a(EXLCZ)993710000000830644 100 $a20160901h20162016 uy 0 101 0 $aeng 135 $aur|n|---||||| 181 $2rdacontent 182 $2rdamedia 183 $2rdacarrier 200 00$aData visualization $ea guide to visual storytelling for libraries /$fedited by Lauren Magnuson 210 1$aLanham, Maryland :$cRowman & Littlefield,$d2016. 210 4$d©2016 215 $a1 online resource (249 p.) 225 1 $aLITA Guide 300 $aDescription based upon print version of record. 311 $a1-4422-7110-8 320 $aIncludes bibliographical references at the end of each chapters and index. 327 $aContents; Illustrations; Preface; Chapter 1. Sculpting Data for a Successful Visualization; Chapter 2. Designing Public Visualizations of Library Data; Chapter 3. Tools and Technologies: Visualizing Research Activity in the Discovery Layer in Real Time; Chapter 4. Using Google Tools to Create Public Analytics Visualizations; Chapter 5. Minding the Gap: Utilizing Data Visualizations for Library Collection Development; Chapter 6. A Picture Is Worth a Thousand Books: OBILLSK, Data Visualization, and Interlibrary Loan 327 $aChapter 7. Visualizing the Topical Coverage of an Institutional Repository with VOSviewerChapter 8. Visualizing Archival Context and Content for Digital Collections; Chapter 9. Using R and ggvis to Create Interactive Graphics for Exploratory Data Analysis; Chapter 10. Integrating Data and Spatial Literacy into Library Instruction; Chapter 11. Using Infographics to Teach Data Literacy; Appendix; Index; About the Editor; About the Contributors 330 $aData Visualization: A Guide to Visual Storytelling for Libraries is a practical guide to the skills and tools needed to create beautiful and meaningful visual stories through data visualization. Learn how to sift through complex datasets to better understand a variety of metrics, such as trends in user behavior and electronic resource usage, return on investment (ROI) and impact metrics, and data about library collections and repositories. A 20-page color insert showcases an extensive selection of visualizations using a variety of technologies and programming languages that can serve as inspir 410 0$aLITA guides. 606 $aLibrary science$xGraphic methods 606 $aLibrary statistics$xComputer programs 606 $aCharts, diagrams, etc$xComputer programs 606 $aInformation visualization 606 $aCommunication in library science 606 $aVisual communication 615 0$aLibrary science$xGraphic methods. 615 0$aLibrary statistics$xComputer programs. 615 0$aCharts, diagrams, etc.$xComputer programs. 615 0$aInformation visualization. 615 0$aCommunication in library science. 615 0$aVisual communication. 676 $a020 702 $aMagnuson$b Lauren$f1986- 801 0$bMiAaPQ 801 1$bMiAaPQ 801 2$bMiAaPQ 906 $aBOOK 912 $a9910798696703321 996 $aData Visualization$91916541 997 $aUNINA